Modulárny svetelný objekt

Saved in:
Bibliographic Details
Main Author: Orbán, Daniel (Author)
Other Authors: Kubinec, Peter (Thesis advisor)
Format: Manuscript Book
Language:Slovak
Published: Bratislava : STU v Bratislave FEI, 2025
Subjects:
Online Access:https://opac.crzp.sk/?fn=detailBiblioFormChildMEDTR3&sid=BA75C2D62745AD5725EE929ED92F&seo=CRZP-detail-kniha
Tags: Add Tag
No Tags, Be the first to tag this record!

MARC

LEADER 00000ntm a22000003a 4500
001 stuzp101791
003 SK-STU
005 20260128140803.2
007 ta
008 150427s2015----xo-----f-mn---000-0-slo-d
040 |a STU  |b slo 
041 0 |a slo 
044 |a xo 
100 1 |a Orbán, Daniel  |u 033000  |4 aut  |U FEI Fakulta elektrotechniky a informatiky  |T FEI Ústav elektroniky a fotoniky  |X 120727  |U E030  |Y 549  |7 120727 
242 0 1 |a Modular light object  |y eng 
245 1 0 |a Modulárny svetelný objekt 
260 |a Bratislava :  |b STU v Bratislave FEI,  |c 2025 
300 |a 83 s. 
650 4 |a LED  |2 slo 
650 4 |a MODUL  |2 slo 
650 4 |a WEB  |2 slo 
650 4 |a ESP  |2 slo 
650 4 |a ESP  |2 eng 
650 4 |a LED  |2 eng 
650 4 |a Modul  |2 eng 
650 4 |a Web  |2 eng 
700 1 |a Kubinec, Peter  |u 033000  |k Z1  |4 ths  |U FEI Fakulta elektrotechniky a informatiky  |T FEI Ústav elektroniky a fotoniky  |X 2052  |U E030  |Y 549  |7 A000002052 
856 4 |u https://opac.crzp.sk/?fn=detailBiblioFormChildMEDTR3&sid=BA75C2D62745AD5725EE929ED92F&seo=CRZP-detail-kniha